| Tag |
First Indicator |
Second Indicator |
Subfields |
| LEADER |
00000cam a2200000Ia 4500 |
| 001 |
in00002079080 |
| 005 |
20151102131123.0 |
| 008 |
040517s2005 enka b 001 0 eng d |
| 015 |
|
|
|a GBA4X1659
|2 bnb
|
| 016 |
7 |
|
|a 012879376
|2 Uk
|
| 019 |
|
|
|a 56452490
|a 58829531
|
| 020 |
|
|
|a 0415282500
|
| 020 |
|
|
|a 0415282519 (pbk.)
|
| 035 |
|
|
|a (OCoLC)ocm59712892
|
| 040 |
|
|
|a EQO
|c EQO
|d BAKER
|d UKM
|d BWKUK
|d OCLCQ
|d MUU
|d UtOrBLW
|
| 049 |
|
|
|a TXAM
|
| 050 |
|
4 |
|a BC141
|b .M44 2005
|
| 082 |
0 |
4 |
|a 121.63
|2 22
|
| 100 |
1 |
|
|a Mellor, D. H.
|
| 245 |
1 |
0 |
|a Probability :
|b a philosophical introduction /
|c D.H. Mellor.
|
| 264 |
|
1 |
|a London ;
|a New York :
|b Routledge,
|c [2005]
|
| 264 |
|
4 |
|c ©2005
|
| 300 |
|
|
|a 152 pages :
|b illustrations ;
|c 24 cm.
|
| 336 |
|
|
|a text
|b txt
|2 rdacontent
|
| 337 |
|
|
|a unmediated
|b n
|2 rdamedia
|
| 338 |
|
|
|a volume
|b nc
|2 rdacarrier
|
| 504 |
|
|
|a Includes bibliographical references (pages [142]-146) and index.
|
| 650 |
|
0 |
|a Probabilities.
|
| 945 |
|
|
|i PromptCat
|
| 947 |
|
|
|a A14832693438
|
| 948 |
|
|
|a cataloged
|b h
|c 2005/10/4
|d c
|e achopde
|f 11:05:02 am
|
| 994 |
|
|
|a 92
|b TXA
|
| 999 |
|
|
|a MARS
|
| 999 |
f |
f |
|s 9b2aac3d-f65e-3dd8-b3f7-dea6b35ca355
|i b3c39824-de5e-35be-a108-9a3116e1c91d
|t 0
|
| 952 |
f |
f |
|p normal
|a Texas A&M University
|b College Station
|c Sterling C. Evans Library
|d Evans: Library Stacks
|t 0
|e BC141 .M44 2005
|h Library of Congress classification
|i unmediated -- volume
|m A14832693438
|
| 998 |
f |
f |
|a BC141 .M44 2005
|t 0
|l Evans: Library Stacks
|